000 00345nam a2200145Ia 4500
005 20251222144819.0
008 251222s9999||||xx |||||||||||||| ||spa||
020 _a978-84-7197-907-0
082 _a155.41/J55
100 _aJiménez Ortega, José
245 0 _aPsicomotricidad:
250 _a4a.ed.
264 _bWolters Kluwer
942 _cLIB
999 _c20415
_d20415